000 00823nam a2200217 a 4500
001 BRL_323
005 20190320210702.0
008 290713s1981----mx-a######---#000-0#spa-#
041 _aspa
044 _amx
050 4 _aF1391.T6
_b.S86 1981
245 1 0 _aSumaria Tolucense, siglo y medio
_cautores Alfonso Sánchez García ... [et al.].
260 _a[Toluca, México]
_bDepartamento de Comunicación Social y Desarrollo Cultural del H. Ayuntamiento de la Ciudad de Toluca
_c1981
300 _a324 p.
_bil. (algunas a color)
_c28 cm.
500 _aEdición conmemorativa del Sesquicentenario de la Ciudad de Toluca como Capital del Estado de México
500 _aAu2312
651 4 _aToluca de Lerdo (México)
_xHistoria
_923547
700 1 _aSánchez García, Alfonso
_d1927-
_923548
902 _aGRL
942 _2lcc
_cB
999 _c9136
_d9136